000
00318nam a2200145Ia 4500
003
OSt
005
20231211071014.0
008
170524s9999 xx 000 0 und d
020
_a
81-7391-147-9
040
_c
iimt
100
_a
Ratandeep Singh
245
0
_a
Tourism India
260
_b
Kanishka Pub.
942
_2
ddc
_c
02
999
_c
6779
_d
6779